<?xml version="1.0" encoding="UTF-8"?>
<collection xmlns="http://www.loc.gov/MARC21/slim">
 <record>
  <leader>     na                 </leader>
  <controlfield tag="001">INLIS000000000696005</controlfield>
  <controlfield tag="005">20231108095742</controlfield>
  <datafield tag="035" ind1=" " ind2=" ">
   <subfield code="a">0010-1123000156</subfield>
  </datafield>
  <controlfield tag="007">ta</controlfield>
  <controlfield tag="008">231108                           0 ind  </controlfield>
  <datafield tag="040" ind1=" " ind2=" ">
   <subfield code="a">JIPUBAY</subfield>
  </datafield>
  <datafield tag="100" ind1="0" ind2=" ">
   <subfield code="a">Adelia Artadiani</subfield>
  </datafield>
  <datafield tag="245" ind1="1" ind2=" ">
   <subfield code="a">Kecil-kecil cabe rawit :</subfield>
   <subfield code="b">Percakapan bahasa inggris sehari-hari untuk anak /</subfield>
   <subfield code="c">Adelia Artadiani, Imam Budi Santoso; editor, Ardhika V.W</subfield>
  </datafield>
  <datafield tag="250" ind1=" " ind2=" ">
   <subfield code="a">Cet. 4</subfield>
  </datafield>
  <datafield tag="300" ind1=" " ind2=" ">
   <subfield code="a">56 hlm :</subfield>
   <subfield code="b">ilus ;</subfield>
   <subfield code="c">24 cm</subfield>
  </datafield>
  <datafield tag="020" ind1=" " ind2=" ">
   <subfield code="a">9786237623052</subfield>
  </datafield>
  <datafield tag="082" ind1=" " ind2=" ">
   <subfield code="a">372.652 1</subfield>
  </datafield>
  <datafield tag="084" ind1=" " ind2=" ">
   <subfield code="a">372.652 1 ADE k</subfield>
  </datafield>
  <datafield tag="260" ind1=" " ind2=" ">
   <subfield code="a">Yogyakarta :</subfield>
   <subfield code="b">Cabe Rawit,</subfield>
   <subfield code="c">2022</subfield>
  </datafield>
  <datafield tag="520" ind1=" " ind2=" ">
   <subfield code="a">Buku ini dirancang khusus untuk menyesuaikan dengan kebutuhan dan ke- biasaan belajar anak. Dengan metode percakapan sederhana sehari-hari, gampang dimengerti, dan dilengkapi pelafalan cara baca akan memper- cepat anak dalam menyerap bahasa. Mereka akan lebih senang dalam be- lajar karena buku ini disusun dengan gambar-gambar yang menarik juga terdapat game-game seru yang menyenangkan.</subfield>
  </datafield>
  <datafield tag="650" ind1=" " ind2="4">
   <subfield code="a">Bahasa Inggris - Bacaan kanak-kanak</subfield>
  </datafield>
  <datafield tag="650" ind1=" " ind2="4">
   <subfield code="a">Bahasa Inggris - Pendidikan dasar</subfield>
  </datafield>
  <datafield tag="850" ind1=" " ind2=" ">
   <subfield code="a">JIPUBAY</subfield>
  </datafield>
  <datafield tag="700" ind1="0" ind2=" ">
   <subfield code="a">Imam Budi Santoso</subfield>
  </datafield>
 </record>
</collection>
